Measuring and reporting of greenhouse gas emissions by UK companies (Record no. 112256)

MARC details
000 -LEADER
fixed length control field 01204cad a22001935a 4500
001 - CONTROL NUMBER
control field L152907
008 - FIXED-LENGTH DATA ELEMENTS--GENERAL INFORMATION
fixed length control field 110513s2011 xxk f 000 0 eng d
035 ## - SYSTEM CONTROL NUMBER
System control number (Sirsi) u152907
041 0# - LANGUAGE CODE
Language code of text/sound track or separate title eng
110 2# - MAIN ENTRY--CORPORATE NAME
Corporate name or jurisdiction name as entry element United Kingdom
Subordinate unit Department for Environment Food and Rural Affairs
245 00 - TITLE STATEMENT
Title Measuring and reporting of greenhouse gas emissions by UK companies
Remainder of title a consultation on options
Medium [electronic resource]
260 ## - PUBLICATION, DISTRIBUTION, ETC.
Place of publication, distribution, etc. Londn
Name of publisher, distributor, etc. DEFRA
Date of publication, distribution, etc. 2011
520 ## - SUMMARY, ETC.
Summary, etc. Seeks view on seeks your views on whether regulations should be introduced to make it mandatory for some UK companies to report on their greenhouse gas (GHG) emissions or whether the Government should continue to encourage measuring and reporting of GHG emissions on a voluntary basis. No decision has yet been made. This consultation aims to inform Ministers? decision on whether to introduce regulations. The consultation runs until 5 July 2011.
590 ## - LOCAL NOTE (RLIN)
Local note KA NTK
651 #4 - SUBJECT ADDED ENTRY--GEOGRAPHIC NAME
Geographic name United Kingdom
Chronological subdivision
690 ## - LOCAL SUBJECT ADDED ENTRY--TOPICAL TERM (OCLC, RLIN)
Topical term or geographic name as entry element ENVIRONMENTAL AND LAND CONSULTANCY-ENERGY-ENERGY USE-ENERGY EFFICIENCY
856 40 - ELECTRONIC LOCATION AND ACCESS
Uniform Resource Identifier <a href="https://www.defra.gov.uk/consult/files/110511-ghg-emissions-condoc1.pdf">https://www.defra.gov.uk/consult/files/110511-ghg-emissions-condoc1.pdf</a>
Public note View the consultation free of charge at www.defra.gov.uk
942 ## - ADDED ENTRY ELEMENTS (KOHA)
Suppress in OPAC 0
Holdings
Withdrawn status Lost status Source of classification or shelving scheme Damaged status Not for loan Home library Current library Shelving location Date acquired Total Checkouts Full call number Barcode Date last seen Copy number Price effective from Koha item type
    Dewey Decimal Classification     Virtual Virtual Online 13/05/2011   ONLINE PUBLICATION 152907-2001 06/08/2019 1 06/08/2019 Book